000
002450000a22000970004500
100
1
_a
Mora, Oliverio
245
1
0
_a
Etica cristiana
300
_a
Vol.18, núm.0 (Noviembre, 2005), Páginas 2-3
773
0
_t
La Voz Luterana de Colombia
942
_c
ANA
999
_c
61109
_d
61109